[Event "Remote S7E-173 email"]
[Site "Remote email"]
[Date "2014.09.19"]
[Round "?"]
[White "Spieler, Freakie"]
[Black "Henkel, Phil"]
[Result "1-0"]
[WhiteElo "2238"]
[BlackElo "2034"]
[PlyCount "61"]
[EventDate "2014.??.??"]
[EventType "tourn (corr)"]
[EventRounds "6"]
[EventCountry "GER"]
[SourceTitle "Corr 2015"]
[Source "ChessBase"]
[SourceDate "2015.07.17"]
[SourceVersion "1"]
[SourceVersionDate "2015.07.17"]
[SourceQuality "1"]

1. d4 Nf6 2. c4 d5 3. e3 c6 4. Nf3 Bg4 5. h3 Bh5 6. Nc3 Nbd7 7. cxd5 cxd5 8. Qb3 Bxf3 9. gxf3 Nb6 10. Bb5+ Nfd7 11. Nxd5 Nxd5 12. Qxd5 a6 13. Bc4 e6 14. Qxb7 Be7 15. 0-0 0-0 16. Bxa6 Bh4 17. f4 g5 18. fxg5 Qxg5+ 19. Kh2 Qe7 20. Bb5 Qd6+ 21. Kh1 Nf6 22. Qf3 Kh8 23. a4 Rg8 24. Bd2 Rab8 25. Rac1 Rg7 26. b4 Rbg8 27. Rg1 Rxg1+ 28. Rxg1 Rxg1+ 29. Kxg1 Qc7 30. Bd3 Qd7 31. Qf4 1-0

[Event "Remote S7E Schnell-105 email"]
[Site "Remote email"]
[Date "2014.08.17"]
[Round "?"]
[White "Spieler, Freakie"]
[Black "Henkel, Phil"]
[Result "1-0"]
[WhiteElo "2238"]
[BlackElo "2034"]
[PlyCount "71"]
[EventDate "2014.??.??"]
[EventType "tourn (corr)"]
[EventRounds "6"]
[EventCountry "GER"]
[SourceTitle "Corr 2015"]
[Source "ChessBase"]
[SourceDate "2015.07.17"]
[SourceVersion "1"]
[SourceVersionDate "2015.07.17"]
[SourceQuality "1"]

1. d4 Nf6 2. c4 d5 3. cxd5 Nxd5 4. e4 Nf6 5. Nc3 g6 6. Nf3 Bg7 7. Be2 0-0 8. 0-0 Bg4 9. h3 Bxf3 10. Bxf3 c6 11. e5 Nfd7 12. Qb3 Nb6 13. Be3 N8d7 14. Rfe1 e6 15. Ne4 Qc7 16. Nd6 Rab8 17. Qa3 Nc8 18. Ne4 a6 19. Bd2 Qd8 20. Rad1 Re8 21. Ba5 Qe7 22. Qb3 Kh8 23. Bb4 Qd8 24. Nd6 Nxd6 25. Bxd6 Kg8 26. Bxb8 Qxb8 27. h4 Bf8 28. h5 Bh6 29. Be4 Qc7 30. hxg6 fxg6 31. Rd3 Bf8 32. Qc2 Qd8 33. Rb3 Qa5 34. Ree3 Qxa2 35. Rxb7 Rd8 36. Bxg6 1-0

[Event "Remote S7E Schnell-104 email"]
[Site "Remote email"]
[Date "2014.07.27"]
[Round "?"]
[White "Henkel, Phil"]
[Black "Witt, Monika"]
[Result "1-0"]
[WhiteElo "2034"]
[BlackElo "1390"]
[PlyCount "61"]
[EventDate "2014.??.??"]
[EventType "tourn (corr)"]
[EventRounds "6"]
[EventCountry "GER"]
[SourceTitle "Corr 2015"]
[Source "ChessBase"]
[SourceDate "2015.07.17"]
[SourceVersion "1"]
[SourceVersionDate "2015.07.17"]
[SourceQuality "1"]

1. c4 e5 2. Nc3 Nf6 3. g3 a6 4. Bg2 d6 5. d3 Be6 6. Bxb7 Ra7 7. Bg2 Nc6 8. Bxc6+ Bd7 9. Bg2 h6 10. b4 c5 11. a3 a5 12. b5 Be7 13. Nd5 Nxd5 14. Bxd5 0-0 15. e4 a4 16. f4 Bf6 17. Ra2 g6 18. Nf3 Bg4 19. Kf2 Bxf3 20. Qxf3 h5 21. h4 Qa5 22. Bd2 Qb6 23. Kg2 Kg7 24. Rf1 Kh6 25. fxe5+ Bg5 26. Bxg5+ Kh7 27. e6 Kg7 28. Qf6+ Kh7 29. exf7 Rfxf7 30. Bxf7 Qb7 31. Qxg6+ 1-0

[Event "Remote Random-182 email"]
[Site "Remote email"]
[Date "2014.07.22"]
[Round "?"]
[White "Henkel, Phil"]
[Black "Tortoza, Carlos Alberto"]
[Result "1-0"]
[WhiteElo "2034"]
[BlackElo "1632"]
[PlyCount "91"]
[EventDate "2014.??.??"]
[EventType "tourn (corr)"]
[EventRounds "12"]
[EventCountry "GER"]
[SourceTitle "Corr 2015"]
[Source "ChessBase"]
[SourceDate "2015.07.17"]
[SourceVersion "1"]
[SourceVersionDate "2015.07.17"]
[SourceQuality "1"]

1. d4 d5 2. c4 e6 3. Nc3 Nf6 4. Bg5 Be7 5. e3 0-0 6. Nf3 h6 7. Bxf6 Bxf6 8. Rc1 c6 9. Bd3 Nd7 10. 0-0 dxc4 11. Bxc4 b5 12. Bd3 Nb6 13. a3 Nc4 14. Bxc4 bxc4 15. Qa4 Qb6 16. Rc2 Bd7 17. Qxc4 Rfc8 18. Qe2 a5 19. Ne4 Be7 20. Ne5 Be8 21. Rfc1 Kh7 22. Qd3 g6 23. Nc4 f5 24. Nxb6 Rab8 25. Nxc8 Rxc8 26. Nc5 Bd6 27. Nxe6 Bd7 28. Nc5 Be8 29. Qa6 Rc7 30. Qxa5 h5 31. b4 Kg7 32. a4 Kf7 33. b5 cxb5 34. axb5 Rc8 35. Qa6 Rd8 36. Nb7 Ke7 37. Nxd8 Bd7 38. Nb7 Bb8 39. b6 Kf6 40. Nc5 Kg7 41. Nxd7 Bd6 42. b7 Be7 43. b8Q Kh6 44. Qh8+ Kg5 45. f4+ Kg4 46. Qxg6+ 1-0

[Event "Remote Random-182 email"]
[Site "Remote email"]
[Date "2014.07.22"]
[Round "?"]
[White "Tortoza, Carlos Alberto"]
[Black "Henkel, Phil"]
[Result "0-1"]
[WhiteElo "1632"]
[BlackElo "2034"]
[PlyCount "92"]
[EventDate "2014.??.??"]
[EventType "tourn (corr)"]
[EventRounds "12"]
[EventCountry "GER"]
[SourceTitle "Corr 2015"]
[Source "ChessBase"]
[SourceDate "2015.07.17"]
[SourceVersion "1"]
[SourceVersionDate "2015.07.17"]
[SourceQuality "1"]

1. d4 d5 2. c4 e6 3. Nc3 Nf6 4. Bg5 Be7 5. e3 0-0 6. Nf3 h6 7. Bxf6 Bxf6 8. Rc1 c6 9. Bd3 Nd7 10. 0-0 dxc4 11. Bxc4 Nb6 12. Bb3 Nd5 13. Nxd5 exd5 14. Re1 Bg4 15. h3 Bh5 16. Bc2 Bh4 17. Bf5 Qf6 18. Bg4 Bxg4 19. hxg4 Bg5 20. Nxg5 Qxg5 21. f3 Rfe8 22. Qd2 Re7 23. Rc3 Rae8 24. g3 f5 25. Kg2 fxg4 26. f4 Qf5 27. Kf2 Qh5 28. Rg1 Qh2+ 29. Rg2 Qh1 30. Rg1 Qf3+ 31. Ke1 Rxe3+ 32. Rxe3 Rxe3+ 33. Qxe3 Qxe3+ 34. Kf1 Qxd4 35. Rg2 c5 36. Re2 Kf7 37. Re5 Qd3+ 38. Kf2 Qf3+ 39. Ke1 Qxg3+ 40. Kd1 Qxf4 41. Rxd5 Qf3+ 42. Kc2 Qxd5 43. b3 g3 44. Kb2 g2 45. Ka3 g1Q 46. Ka4 Qdd4+ 0-1

[Event "Remote S7E-169 email"]
[Site "Remote email"]
[Date "2014.06.25"]
[Round "?"]
[White "Henkel, Phil"]
[Black "Langschmidt, Dirk"]
[Result "1-0"]
[WhiteElo "2034"]
[BlackElo "1960"]
[PlyCount "87"]
[EventDate "2014.??.??"]
[EventType "tourn (corr)"]
[EventRounds "6"]
[EventCountry "GER"]
[SourceTitle "Corr 2015"]
[Source "ChessBase"]
[SourceDate "2015.07.17"]
[SourceVersion "1"]
[SourceVersionDate "2015.07.17"]
[SourceQuality "1"]

1. d4 Nf6 2. c4 c5 3. d5 b5 4. Nf3 g6 5. cxb5 a6 6. bxa6 Bxa6 7. Nc3 d6 8. e4 Bxf1 9. Kxf1 Bg7 10. Ke2 0-0 11. Re1 Nbd7 12. Kf1 Qb6 13. Qc2 Rfb8 14. a3 Ng4 15. Re2 h6 16. h3 Nge5 17. Nxe5 Nxe5 18. Nd1 c4 19. Rb1 Rc8 20. f4 Nd3 21. Nf2 Qd4 22. Be3 Qf6 23. Nxd3 cxd3 24. Qxd3 g5 25. Rf2 Qg6 26. fxg5 hxg5 27. Bd4 Rc7 28. Bxg7 Qxg7 29. Qe3 Rac8 30. Kg1 Rc2 31. Rxc2 Rxc2 32. b4 g4 33. h4 Rc3 34. Qa7 Qe5 35. Re1 Rc2 36. Qe3 Qb2 37. Qg5+ Kf8 38. Qxg4 Qxa3 39. b5 Qc5+ 40. Kh2 Qxb5 41. Ra1 Qb7 42. h5 Rf2 43. h6 Rf6 44. Qg7+ 1-0

[Event "Remote S7E Easy email"]
[Site "Remote email"]
[Date "2014.05.31"]
[Round "?"]
[White "Klein, Werner"]
[Black "Henkel, Phil"]
[Result "0-1"]
[WhiteElo "1724"]
[BlackElo "1996"]
[PlyCount "64"]
[EventDate "2014.??.??"]
[EventType "tourn (corr)"]
[EventRounds "6"]
[EventCountry "GER"]
[SourceTitle "Corr 2015"]
[Source "ChessBase"]
[SourceDate "2015.07.17"]
[SourceVersion "1"]
[SourceVersionDate "2015.07.17"]
[SourceQuality "1"]

1. e4 e6 2. d4 d5 3. Nc3 Nf6 4. Bg5 Be7 5. Be2 Nxe4 6. Bxe7 Qxe7 7. Bd3 Nxc3 8. bxc3 Bd7 9. Nf3 c5 10. c4 cxd4 11. 0-0 dxc4 12. Bxc4 Nc6 13. Nxd4 0-0 14. Re1 Rfd8 15. c3 Nxd4 16. cxd4 Bc6 17. d5 Qg5 18. f4 Qxf4 19. Bb3 Bxd5 20. Bxd5 Rxd5 21. Qb3 Rd2 22. Qxb7 Qd4+ 23. Kh1 Rd8 24. Qf3 Qd5 25. Qxd5 R8xd5 26. Reb1 g5 27. g4 Re2 28. Rb7 Rdd2 29. Rxa7 Rxh2+ 30. Kg1 Rdg2+ 31. Kf1 Rxg4 32. a4 Rh1+ 0-1

[Event "Remote Random-180 email"]
[Site "Remote email"]
[Date "2014.05.30"]
[Round "?"]
[White "Henkel, Phil"]
[Black "Grimm, Wolfgang"]
[Result "0-1"]
[WhiteElo "2034"]
[BlackElo "2006"]
[PlyCount "56"]
[EventDate "2014.??.??"]
[EventType "tourn (corr)"]
[EventRounds "6"]
[EventCountry "GER"]
[SourceTitle "Corr 2015"]
[Source "ChessBase"]
[SourceDate "2015.07.17"]
[SourceVersion "1"]
[SourceVersionDate "2015.07.17"]
[SourceQuality "1"]

1. e4 e6 2. d4 d5 3. e5 c5 4. c3 c4 5. b3 cxb3 6. axb3 Nc6 7. Nf3 Nge7 8. Bd3 Nf5 9. 0-0 Be7 10. Qc2 h6 11. Ba3 0-0 12. Bxe7 Qxe7 13. Na3 b6 14. Nb5 a5 15. Bxf5 exf5 16. Nd6 f6 17. Nxc8 Raxc8 18. exf6 Qxf6 19. Rfe1 Nxd4 20. Nxd4 Qxd4 21. Rac1 Qf6 22. Qd3 Rfd8 23. Re3 d4 24. Rf3 dxc3 25. Qxf5 Qxf5 26. Rxf5 c2 27. Re5 Rd1+ 28. Re1 Rxe1+ 0-1

[Event "Remote No Engine Nah2-17 email"]
[Site "Remote email"]
[Date "2014.05.28"]
[Round "?"]
[White "Henkel, Phil"]
[Black "Zens, Rolf"]
[Result "0-1"]
[WhiteElo "2034"]
[BlackElo "2104"]
[PlyCount "82"]
[EventDate "2014.??.??"]
[EventType "tourn (corr)"]
[EventRounds "6"]
[EventCountry "GER"]
[SourceTitle "Corr 2015"]
[Source "ChessBase"]
[SourceDate "2015.07.17"]
[SourceVersion "1"]
[SourceVersionDate "2015.07.17"]
[SourceQuality "1"]

1. c4 Nf6 2. Nc3 g6 3. d4 Bg7 4. e4 d6 5. f4 0-0 6. Nf3 c5 7. d5 e6 8. Be2 exd5 9. exd5 Re8 10. 0-0 Ng4 11. h3 Ne3 12. Bxe3 Rxe3 13. Qd2 Re8 14. Bd3 Nd7 15. Rae1 Nf6 16. Rxe8+ Nxe8 17. Ng5 h6 18. Nge4 Bd4+ 19. Kh1 Nf6 20. Nb5 Nxe4 21. Bxe4 Bg7 22. Nc3 a6 23. Ne2 Qe7 24. Bd3 Bd7 25. f5 gxf5 26. Bxf5 Bxf5 27. Rxf5 Qe4 28. Rf4 Qb1+ 29. Qc1 Qxa2 30. Re4 Qxb2 31. Qxb2 Bxb2 32. Re7 Rb8 33. Ng3 b5 34. cxb5 axb5 35. Rd7 b4 36. Nf5 Be5 37. Nxh6+ Kg7 38. Nf5+ Kf8 39. Nxd6 Bxd6 40. Rxd6 b3 41. Rh6 Ke7 0-1

[Event "Remote No Engine Nah2-16 email"]
[Site "Remote email"]
[Date "2014.05.12"]
[Round "?"]
[White "Henkel, Phil"]
[Black "Decking, Lutz"]
[Result "0-1"]
[WhiteElo "1996"]
[BlackElo "2077"]
[PlyCount "124"]
[EventDate "2014.??.??"]
[EventType "tourn (corr)"]
[EventRounds "6"]
[EventCountry "GER"]
[SourceTitle "Corr 2015"]
[Source "ChessBase"]
[SourceDate "2015.07.17"]
[SourceVersion "1"]
[SourceVersionDate "2015.07.17"]
[SourceQuality "1"]

1. c4 c5 2. Nc3 Nf6 3. g3 Nc6 4. Bg2 e5 5. d3 h6 6. f4 d6 7. Nf3 exf4 8. Bxf4 Nh5 9. Bd2 Be6 10. 0-0 Be7 11. e4 Nf6 12. Qe2 0-0 13. a3 Qc8 14. Nh4 Nd4 15. Qd1 Bg4 16. Qc1 Nb3 17. Qe1 Nxa1 18. Qxa1 a6 19. Nf3 Bh3 20. Qc1 Qg4 21. Be3 Qh5 22. Nh4 Bxg2 23. Nxg2 Ng4 24. h4 Bg5 25. Bxg5 hxg5 26. Qxg5 Qxg5 27. hxg5 Ne5 28. Nf4 Rab8 29. Kg2 b5 30. Ncd5 Rfe8 31. cxb5 Rxb5 32. b4 Rb7 33. bxc5 Rb2+ 34. Kh3 dxc5 35. Rc1 Nd7 36. Nc7 Reb8 37. Nxa6 R8b5 38. Nc7 R5b3 39. a4 Rb1 40. Rc2 R3b2 41. Rxb2 Rxb2 42. a5 Ra2 43. a6 Nb8 44. g6 Nxa6 45. gxf7+ Kxf7 46. Ncd5 g5 47. Nh5 Ra3 48. Kg4 Kg6 49. Nhf6 Rxd3 50. Nd7 Rd4 51. Ne5+ Kg7 52. Kxg5 Rxe4 53. Kf5 Rd4 54. Nf4 Nc7 55. Nf3 Rd1 56. Ng5 c4 57. Ne4 Nb5 58. Ne6+ Kf7 59. N6g5+ Ke7 60. Nf3 Nd6+ 61. Nxd6 Kxd6 62. Ke4 c3 0-1

[Event "Remote Pyramide email"]
[Site "Remote email"]
[Date "2014.05.08"]
[Round "?"]
[White "Guelker, Lorenz"]
[Black "Henkel, Phil"]
[Result "0-1"]
[WhiteElo "1985"]
[BlackElo "1996"]
[PlyCount "60"]
[EventDate "2014.??.??"]
[EventType "tourn (corr)"]
[EventRounds "6"]
[EventCountry "GER"]
[SourceTitle "Corr 2015"]
[Source "ChessBase"]
[SourceDate "2015.07.17"]
[SourceVersion "1"]
[SourceVersionDate "2015.07.17"]
[SourceQuality "1"]

1. d4 e6 2. e4 d5 3. Nc3 Nf6 4. e5 Nfd7 5. Nf3 c5 6. Be2 Nc6 7. 0-0 cxd4 8. Nxd4 Nxd4 9. Qxd4 Bc5 10. Qg4 Bf8 11. Qg3 h6 12. Be3 g5 13. f4 Be7 14. fxg5 hxg5 15. Nb5 Rg8 16. Bh5 Rg7 17. h4 g4 18. Qf4 Qa5 19. a4 a6 20. Bxf7+ Kd8 21. Bxe6 axb5 22. Bxd7 Bxd7 23. Qh6 Ra6 24. Qxg7 bxa4 25. Bg5 Qc5+ 26. Rf2 Re6 27. Bxe7+ Rxe7 28. Qg5 Kc7 29. Kh2 Qxf2 30. Rd1 Qf7 0-1